Протокол совещания магистрата города о постройке дома для городских начальных училищ, смета на постройку городского училища и пр...

Доступно только в Электронных читальных залах Найти на картеНа карте
RUSMARC
00004134nmc2a22002773x 450
0011794d88a-9d81-4664-beb4-e1aed6b5fc98
00520240220040703.0
100##$a20230329l19101910k l0rusy0189 ca
1010#$arus
102##$aRU
105##$ae###
1222#$ad
2001#$aПротокол совещания магистрата города о постройке дома для городских начальных училищ, смета на постройку городского училища и проект здания
$j1910 г.
215##$a25 л.
$cплан.
$d36,5х26 см
251##$cДело
300##$aГород Сандомир, Радомская губерния
300##$aПольша
300##$aФасад, разрезы, поэтажные планы, план крыш и ситуационный план
300##$aАкварель
371##$aДокумент не является опубликованным и широко распространяемым
461#0$1001a74412a3-3cc5-4d21-8f0a-dfe2fbd9e72d
$12001
$aДепартамент народного просвещения Министерства народного просвещения (1803-1917)
$1251
$cФонд
$1852
$j733
462#0$1001eefd6294-0537-45df-8819-30374025727c
$12001
$aПроекты школьных зданий и сметы на их постройку (в связи с подготовкой введения всеобщего обучения)
$1251
$cОпись
$1852
$j233
801#0$aRU
$bРГИА
$c20230329
$gRCR
801#1$aRU
$bГлавНИВЦ
$c20230329
$2rusmarc
801#2$aRU
$bПБ им. Б.Н. Ельцина
$c20240220
$gRCR
$2rusmarc
850##$aРГИА
852##$aРГИА
$eФедеральное казенное учреждение "Российский государственный исторический архив" (РГИА)
$j663
937##$hРГИА
$d12396916
$aASBIBLIO_SCAN
035##$aRusGRCC00067677
856##$uhttp://readingroom.main.prlib.ru/item.aspx?id_node=n191093677&mode=full
Формат отображения